| 000 | 00000nam##2200000za#4500 |
| 001 | 9.695676 |
| 003 | CaOODSP |
| 005 | 20230202144025 |
| 007 | cr ||||||||||| |
| 008 | 150407|1995||||xxc|||||o f|0| 0 eng|d |
| 040 | |aCaOODSP|beng |
| 043 | |an-cn--- |
| 086 | 1 |aH72-21/132-1995E-PDF |
| 110 | 2 |aNational Clearinghouse on Family Violence (Canada). |
| 245 | 10|aBreaking silence, creating hope : |h[electronic resource]|bhelp for adults who molest children / |c[by] Frederick Mathews. |
| 260 | |aOttawa - Ontario : |bHealth Canada. |cc1995. |
| 300 | |a16p.|bfig. |
| 500 | |aThe catalogue number (H72-21/132-1995E) and ISBN (0-662-23056-6) for the print edition have been incorrectly copied in this electronic publication. |
| 504 | |aBibliography. |
| 590 | |a12-13-Supp|b2012-04-03 |
| 720 | 1 |aMathews, Frederick |
| 775 | 08|tRompre le silence, faire naître l'espoir : |w(CaOODSP)9.639809 |
| 776 | 0#|tBreaking silence, creating hope : |w(CaOODSP)9.657411 |
| 776 | 0#|tRompre le silence: faire naître l'espoir : |w(CaOODSP)9.657412 |
| 856 | 40|ahttp://publications.gc.ca|qPDF|s43 KB|uhttps://publications.gc.ca/collections/Collection/H72-21-132-1995E.pdf |